000 00814cab a2200253 4500
001 ##L132590
008 060221n2006 000 0 eng u
035 _a(Sirsi) u132590
041 0 _aeng
100 1 _aEade, Christine
245 0 0 _aSurrey and London boroughs south
_bregional
260 _c2006
490 0 _aProperty Week
_v71(7) 17 February 2006, 101-117(8)
520 _aLooks at the retail property market in Croydon and Walton-on-Thames; town centre schemes in Guildford; and the aerodrome between Haslemere and Cranleigh in Surrey.
590 _aIKA280206
650 2 4 _aSURREY
650 2 4 _aCROYDON
650 2 4 _aWALTON-ON-THAMES
650 2 4 _aGUILDFORD
650 2 4 _aHASLEMERE
650 2 4 _aCRANLEIGH
690 _aPROPERTY-COMMERCIAL PROPERTY-COMMERCIAL PROPERTY MARKET
942 _n0
999 _c76513
_d76513